书目信息 |
| 题名: |
创造培训奇迹
|
|
| 作者: | 瑞莱特 著 | |
| 分册: | ||
| 出版信息: | 北京 中央编译出版社 1999.05 |
|
| 页数: | 328页 | |
| 开本: | 32开 | |
| 丛书名: | ||
| 单 册: | ||
| 中图分类: | C931.3 | |
| 科图分类: | ||
| 主题词: | 管理--技术 , 管理--方法 | |
| 电子资源: | ||
| ISBN: | 7-80109-252-X | |
| 000 | 00585nam0 2200205 45 | |
| 001 | 0010120801 | |
| 005 | 20010412100352.3 | |
| 010 | @a7-80109-252-X@d17.50元 | |
| 100 | @a20001012d1999 km y0chiy0120 ea | |
| 101 | 0 | @achi |
| 105 | @a z 000yy | |
| 200 | 1 | @a创造培训奇迹@AChuang Zao Pei Xun Qi Ji@f瑞莱特著;徐蔚林译@FRui Lai Te Zhu;Xu Wei Lin Yi |
| 210 | @a北京@c中央编译出版社@d1999.05 | |
| 215 | @a328页@d32开 | |
| 606 | 0 | @a管理@x技术 |
| 606 | 0 | @a管理@x方法 |
| 690 | @aC931.3@v3 | |
| 701 | 0 | @a瑞莱特@4著 |
| 801 | @aCN@bPftUser@c20001012 | |
| 905 | @dC931.3@eR813@b337582@f1 | |
| 创造培训奇迹/瑞莱特著;徐蔚林译.-北京:中央编译出版社,1999.05 |
| 328页;32开 |
| ISBN 7-80109-252-X:17.50元 |
| ● |
| 相关链接 |
|
|
|
正题名:创造培训奇迹
索取号:C931.3/R813
 
预约/预借
| 序号 | 登录号 | 条形码 | 馆藏地/架位号 | 状态 | 备注 |
| 1 | 337582 | 203375828 | 社科库509/509社科库 64排6列1层/ [索取号:C931.3/R813] | 在馆 |